| 000 | 00588nam a2200229Ia 4500 | ||
|---|---|---|---|
| 005 | 20251020182514.0 | ||
| 008 | 200515s9999 xx 000 0 und d | ||
| 082 | _a658.161/S21 | ||
| 100 | _aSánchez Yabar, Guido | ||
| 245 | 0 | _aVocación: empresario: manual par el desarrollo de habilidades y actitudes empresariales y comerciales | |
| 260 | _aLima | ||
| 260 | _bSYSA | ||
| 260 | _c2000 | ||
| 300 | _a202 p. | ||
| 490 | _aColección PYME, 6 | ||
| 500 | _a1 ejemplar | ||
| 650 | _aEMPRESARIOS | ||
| 650 | _aEMPRESAS | ||
| 650 | _aVOCACION | ||
| 942 | _cLIB | ||
| 999 |
_c1520 _d1520 |
||